| 000 | 00889cam a22002895a 4500 | ||
|---|---|---|---|
| 001 | 016870819 | ||
| 003 | OSt | ||
| 005 | 20201128023625.0 | ||
| 008 | 150820t2015 enka frbd 001 0 eng d | ||
| 020 | _a9781292060118 (paperback) | ||
| 020 | _a1292060115 (paperback) | ||
| 040 |
_aStDuBDS _beng _cStDuBDS _dEG-ScBUE |
||
| 082 | 0 | 4 |
_a330 _222 _bHUB |
| 100 | 1 |
_aHubbard, R. Glenn. _938893 |
|
| 245 | 1 | 0 |
_aEconomics / _cR. Glenn Hubbard, Anthony Patrick O'Brien. |
| 250 | _a5th ed., Global ed. | ||
| 260 |
_aHarlow : _bPearson Education Limited, _cc.2015. |
||
| 300 |
_a1121 p. : _bill. (col.) ; _c28 cm. |
||
| 500 | _aGlossary : p. 1084-1091. | ||
| 504 | _aIncludes bibliographical references and index. | ||
| 541 | _aBUE book fair. | ||
| 650 | 7 |
_aEconomics. _2BUEsh _9720 |
|
| 651 | _2BUEsh | ||
| 653 |
_bBUSECO _cDecember2015 |
||
| 700 | 1 | _aO'Brien, Anthony Patrick, | |
| 942 | _2ddc | ||
| 999 |
_c21108 _d21080 |
||